000 00836nam a2200265Ia 4500
003 GCL
005 20240530105420.0
008 140319s9999 xx 000 0 ara d
040 _aGCL /
_cGCL
082 0 4 _a301.2433
_bا ا
100 1 _aاحمد انور
245 1 0 _aالانفتاح وتغير القيم فى مصر /
_cاحمد انور
260 _aالقاهرة :
_bمصر العربية للنشر والتوزيع
300 _a411 ص ؛
_c22 سم
490 _aمصريات
_v2
650 0 4 _aالعصر الحديث
650 0 4 _aمصر
650 0 4 _aتاريخ
650 0 4 _aالتخطيط الاقتصادى
650 0 4 _aالمجتمع
650 0 4 _aالاحوال الاجتماعية
650 0 4 _aالاحوال السياسية
650 0 4 _aالاحوال الاقتصادية
942 _2ddc
_cBK
999 _c55824
_d55824